Take and Eat, and Take the Consequences : (Record no. 604014)

MARC details
000 -LEADER
fixed length control field 00522nam a2200193 a 4500
008 - FIXED-LENGTH DATA ELEMENTS--GENERAL INFORMATION
fixed length control field 251218s2002##################000#0#eng##
020 ## - INTERNATIONAL STANDARD BOOK NUMBER
ISBN 9780820455822
082 04 - DEWEY DECIMAL CLASSIFICATION NUMBER
Classification number 234.163
Item number MUR
100 1# - MAIN ENTRY--AUTHOR NAME
Personal name Murken, Todd B.,
245 10 - TITLE STATEMENT
Title Take and Eat, and Take the Consequences :
260 ## - PUBLICATION, DISTRIBUTION, ETC. (IMPRINT)
Name of publisher Peter Lang Pub Incorporated,
Year of publication 2002.
300 ## - PHYSICAL DESCRIPTION
Number of Pages 314 pages
650 #0 - SUBJECT ADDED ENTRY--TOPICAL TERM
Topical Term Religion.
942 ## - ADDED ENTRY ELEMENTS (KOHA)
Koha item type English Books
Holdings
Withdrawn status Lost status Damaged status Not for loan Home library Current library Shelving location Date acquired Full call number Accession Number Price effective from Koha item type
        Anna Centenary Library Anna Centenary Library 3RD FLOOR, B WING 22.12.2025 234.163 MUR 219449 22.12.2025 English Books

Find us on the map